| 000 | 00406cam a2200157ua 4500 | ||
|---|---|---|---|
| 041 |
_aeng _h |
||
| 082 |
_a005.133 C _bBAL/PR |
||
| 100 | _aBalaguru Samy, E . | ||
| 245 |
_aProgramming In C / _cE Balagura Samy. _hTextual Documents |
||
| 250 |
_a1 / _b. |
||
| 260 |
_aNew Delhi : _bTata Mc-Graw Hill Publishing Company , _c1990. |
||
| 300 | _a332 ; . | ||
| 504 | _a | ||
| 942 | _cBK | ||
| 999 |
_c2867 _d2867 |
||